Twentieth century prose (Record no. 9133)

MARC details
000 -LEADER
fixed length control field 00654cam a2200241ua 4500
008 - FIXED-LENGTH DATA ELEMENTS--GENERAL INFORMATION
fixed length control field 170331n ii |||gr||||Z||||||eng
020 ## - INTERNATIONAL STANDARD BOOK NUMBER
International Standard Book Number 9780195660401
040 ## - CATALOGING SOURCE
Transcribing agency MAIN
041 ## - LANGUAGE CODE
-- eng
082 ## - DEWEY DECIMAL CLASSIFICATION NUMBER
Classification number 808.8
100 ## - MAIN ENTRY--PERSONAL NAME
Personal name Misra, Udayan,
Relator term
245 ## - TITLE STATEMENT
Title Twentieth century prose
Statement of responsibility, etc. Ed. by Udayan Misra and others
250 ## - EDITION STATEMENT
Edition statement 9th imp.
260 ## - PUBLICATION, DISTRIBUTION, ETC.
Place of publication, distribution, etc. New Delhi:
Name of publisher, distributor, etc. Oxford,
Date of publication, distribution, etc. 2011.
300 ## - PHYSICAL DESCRIPTION
Extent 234p.
700 ## - ADDED ENTRY--PERSONAL NAME
Personal name Goswami, Atul,
Relator term
700 ## - ADDED ENTRY--PERSONAL NAME
Personal name Mahanta, Aparna Dutta,
Relator term
700 ## - ADDED ENTRY--PERSONAL NAME
Personal name Goswami, Prafulla,
Relator term
942 ## - ADDED ENTRY ELEMENTS (KOHA)
Koha item type Books
653 ## - INDEX TERM--UNCONTROLLED
Uncontrolled term Rhetoric & collections of literature
653 ## - INDEX TERM--UNCONTROLLED
Uncontrolled term English textbook
Holdings
Withdrawn status Lost status Damaged status Not for loan Home library Current library Shelving location Date acquired Total Checkouts Full call number Barcode Date last seen Date last checked out Copy number Price effective from Koha item type
        Naharkatiya College Library Naharkatiya College Library General Stacks 19/09/2020 3 808.8English textbook | TWE 23754 01/12/2021 26/11/2021 1 19/09/2020 Books

Naharkatiya College © 2020. All rights reserved.

Powered By